000 00988nam a2200253Ia 4500
003 OSt
005 20220923224546.0
006 a|||||r|||| 00| 0
007 ta
008 220922b |||||||| |||| 00| 0 hin d
020 _c250
024 _a242,150
037 _b487, 03/03/2010, Vani Prakashan
_cTextual
040 _aARTS
_cARTS
_bhin
041 _2hin
_ahin
082 _aO152,1N61x, 111P8
100 _aअनिवेद, शिव नारायण सिंह; बजाज, राम गोपाल, अनु.
_9168101
245 0 _aकविता का गॉंव
246 _aKavitā kā gaॉanva
260 _aनयी दिल्ली
_b वाणी प्रकाशन
_c2008
300 _a183पृ.
_ccm.
942 _hO152,1N61x, 111P8
_cTEXL
_2CC
999 _c372205
_d372205